000 00638nam a2200157 4500
001 125733
003 ES-MaACL
005 20230906192705.0
007 t|
008 070214s1949 sp r ||||1| spa d
245 0 3 _aEl régimen jurídico de las Sociedades Anónimas
_b: informe elevado por la Cámara Oficial de la Industria de Barcelona al Excmo. Sr. Ministro de Justicia sobre el anteproyecto del Instituto de Estudios Políticos.
260 _aBarcelona :
_b[s. n.],
_c1949 (
_fGráf. Fomento)
300 _a71 p. ;
_c24 cm.
710 2 _aCámara Oficial de la Industria de Barcelona.
_92405
852 _aES-MaACL
_j1909-F-6
_bR.29275
999 _c125733
_d125733